000 00543cam a2200205 4500
001 D1423
008 090401t1983 xxu||||| |||| 00| 0 eng d
035 _a(Sirsi) u63965
041 _aeng
050 _a694.014
100 _aBerry, R.W.
245 _aEmulsion-based formulations for remedial treatments against woodworm
260 _aGarston,Watford
_bBuilding Research Establishment
_c1983
300 _a4p. 30cm
350 _a0
490 _aInformation Paper
_v15/83
700 _aOrsler, R.J.
942 _n0
948 _c04/03/1997
999 _c94628
_d94628